| 000 | 00000nam##2200000za#4500 |
| 001 | 9.579456 |
| 003 | CaOODSP |
| 005 | 20210624190554 |
| 007 | cr ||||||||||| |
| 008 | 150406|1990||||xxc|||||o f|0| 0 eng|d |
| 040 | |aCaOODSP|beng |
| 043 | |an-cn--- |
| 086 | 1 |aEn49-24/1-12E-PDF |
| 110 | 1 |aCanada.|bEnvironment Canada. |bEnvironmental Technology Centre. |
| 245 | 10|aGuidance document on control of toxicity test precision using reference toxicants |h[electronic resource] |
| 260 | |aOttawa - Ontario : |bEnvironment Canada. |cAugust 1990. |
| 300 | |a90p.|bgraphs, references, tables |
| 490 | 1 |aEnvironmental Protection series. [Reference methods] |vEPS 1/RM/12 |
| 500 | |aThe catalogue number (En49-24/1-12E) and ISBN (0-662-18077-1) for the print edition have been copied in this electronic publication. |
| 546 | |a(Résumé en français). |
| 590 | |a14-21-Supp|b2014-12-11 |
| 690 | 07|aAquatic ecosystems|2gcpds |
| 690 | 07|aToxic substances|2gcpds |
| 775 | 08|tDocument d'orientation sur le contrôle de la précision des essais de toxicité au moyen de produits toxiques de référence |w(CaOODSP)9.606934 |
| 830 | #0|aEnvironmental Protection series. [Reference methods]|vEPS 1/RM/12|w(CaOODSP)9.504905 |
| 856 | 40|ahttp://publications.gc.ca|qPDF|s1.22 MB|uhttps://publications.gc.ca/collections/collection_2014/ec/En49-24-1-12-eng.pdf|yEPS 1/RM/12 |